| 000 | 00537nam a2200181 a 4500 | ||
|---|---|---|---|
| 005 | 20140310183439.0 | ||
| 008 | 080402s19uu xx 00 eng d | ||
| 020 | _a1-84442-363-8 | ||
| 050 |
_aQP 38 _b.T46 2005 |
||
| 100 | _aThomas, Gordon | ||
| 245 |
_aMysteries of the human body. _cGordon Thomas |
||
| 260 |
_aLondon : _bCarlton Publishing, _c2005. |
||
| 300 |
_a192 p. : _bcol. , ill. ; _c28 cm. |
||
| 650 |
_aHuman physiology _xPopular works. |
||
| 650 |
_aBody, Human _xPopular works. |
||
| 942 |
_cBK _2lcc _kFOR |
||
| 999 |
_c23036 _d23036 |
||